03466nam a2200541Ia 45000010005000000080041000050100009000460410014000550820019000692450222000882600018003103000008003285200007003366300020003436300013003636300014003766300028003906500021004186900016004397000029004557000048004849010057005329020006005899030037005959040018006329050021006509060006006719070014006779080014006919090053007059100015007589110010007739120014007839130009007979140026008069150019008329160009008519170009008609180014008699190029008835201953009129210007028659220007028729230006028799240014028859420010028999990015029094719241029s9999 xx 000 0 und d a4459 aEspañol aIntec CYH 0228 0aDescripción del estilo de apego y violencia en las historias de vida familiar y de pareja de los hombres agresores, en el Centro de Corrección y Rehabilitación CCR1, de San Pedro de Macorís, en el año 2013.  aSanto Domingo a127 a50 aConducta Humana aMaltrato aViolencia aViolencia Intrafamiliar aTerapia Familiar aSintetizado easesoraPeralta , Gloria eautoraMejía Espaillat , Brenda Patricia  a{"1":"Mejía Espaillat "}b{"1":"Brenda Patricia "} a1 a{"1":"Peralta "}b{"1":"Gloria"} aMaestría en aTerapia Familiar a2 aNO APLICA aNO APLICA aInstituto Tecnológico de Santo Domingo (INTEC) aNULLbNULL a["1"] aNO APLICA aNULL a02 de Octubre de 2013 a28/11/19 04:11 aNULL aNULL aNO APLICA a["46","132","197","198"] aEl objetivo principal de esta investigación, consiste en describir el estilo de apego y violencia en las historias de vida familiar y de parejas de los hombres agresores, en el Centro de Corrección y Rehabilitación, CCRI, de San Pedro de Macorís, en el año 2011. Esta investigación es de enfoque cualitativo y fue llevada a cabo como estudio de caso de una muestra de cinco (5) hombres que se encuentran en una condición de privación de libertad por haber violado la Ley 24-97, en sus Artículos 309-01 y 309-2, de la Violencia Contra la Mujer e Intrafamiliar. Para responder con los objetivos de dicha investigación, los resultados fueron obtenidos, a través de la aplicación de la entrevista de apego y de una entrevista semi-estructurada, la cual fue creada con la finalidad de obtener información acerca de la presencia de violencia en las relaciones de parejas de estos hombres. Luego de aplicados ambos instrumentos, se hizo un análisis cualitativo, partiendo de la sistematización de la información, de acuerdo a los objetivos planteados.Entre los hallazgos principales de esta investigación, se encontró que la violencia contra la mujer e intrafamiliar, tiene más probabilidad de ser ejercida por un hombre con apego inseguro, tanto con estilo preocupado como temeroso. Esto se relaciona con el hecho de haber sido testigo de violencia física, psicológica, sexual o económica, entre sus padres, o haber padecido violencia en sus relaciones de pareja en la vida adulta. Como recomendaciones principales, sugerimos la creación de más Centros especializados en la atención de la conducta violenta del hombre agresor, con la finalidad de detectar el riesgo y la peligrosidad. También recomendamos la elaboración de programas preventivos, dirigidos a poblaciones de padres, madres, y docentes, sobre la importancia de desarrollar los buenos tratos en la infancia y establecer un apego seguro. a12 a12 a0 aNO APLICA cTesis c4459d4459